000 01079cam a2200325 a 4500
008 010328s2002 maua b 001 0 eng
010 _a 2001089367
020 _a0618124225 (Student text)
040 _aDLC
_cDLC
_dDLC
050 0 0 _aHF5635
_b.N35 2002
082 0 0 _a657
_221
092 0 4 _a657
_bP9574 2002
_221
099 _a04
_a657 P9574 2002
100 1 _aNeedles, Belverd E.
245 1 0 _aPrinciples of accounting /
_cBelverd E. Needles, Jr., Marian Powers, Susan V. Crosson.
250 _a2002 [ed.].
260 _aBoston :
_bHoughton Mifflin Co.,
_cc2002.
300 _axlvi, 1249 p. :
_bcol. ill. ;
_c29 cm.
500 _aRev. ed. of: Principles of accounting / Belverd E. Needles, Jr. ... et al. 7th ed. c1999.
504 _aIncludes bibliographical references and indexes.
650 0 _aAccounting.
700 1 _aCrosson, Susan V.
700 1 _aPowers, Marian.
730 0 _aPrinciples of accounting.
902 _a1
905 _aEman
_eRev
905 _aJihan
_ecat
942 _2ddc
_cBK
999 _c149474
_d149474